000
00262nam a2200121Ia 4500
008
201214s9999 xx 000 0 und d
100
_a
Logie, Gordon
245
0
_a
Glossary of Transport
260
_a
London
260
_b
McMillan
260
_c
1981
942
_c
BK
999
_c
5680
_d
5680